000 01938nam a22002537a 4500
999 _c62194
_d62194
003 Ge_BSU
005 20240731133143.0
008 240731s2022 ge ||||| |||| 00| 0 geo d
020 _a9781839961205
041 _ageo
080 _a657.6(075.8) ა-90
245 _aაუდიტი და მარწმუნებელი მომსახურება (ამმ)
_bსრული ტექსტი: ACCA : Audit and Assurance (AA) study text /
_cმთარგმ: ბაბი ალავერდაშვილი, ქართლოს ღვინიაშვილი, რედ.ლავრენტი ჭუმბურიძე,
264 _aთბილისი :
_bბაფი,
_c2022.
300 _a509 გვ.:
_bცხრ;
_c29 სმ.
546 _aთავფურცლის მე-2 გვერდი ინგლისურ ენაზე.
653 _aაუდიტი
653 _aბუღალტერია
653 _aწიგნი გათვალისწინებულია ბუღალტერთა და აუდიტორთა პროფესიული სერტიფიცირებისათვის.
700 _a ალავერდაშვილი, ბაბი
_eმთარგმნელი
_923026
700 _aღვინიაშვილი, ქართლოს
_eმთარგმნელი
_922699
700 _aჭუმბურიძე, ლავრენტი
_eრედაქტორი
_923027
710 _aწიგნი თარგმნილი და განახლებული რედაქციით გამოცემულია საქართველოს პროფესიონალ ბუღალტერთა და აუდიტორთა ფედერაციის (ბაფი) მიერ.
_923028
942 _2udc
_cBK